zpět

Detail výsledku týmu

Hasičárna Novesta, Zlín

Datum a čas kvízu

23 Celkem bodů Celkový počet nahraných bodů na tomto kvízu bez doplňovacích otázek.
17. Pořadí na kvízu Konečné umístění týmu na tomto kvízu.

Zaznamenané odpovědi

# Otázka Odpověď Body Výsledky
1. Který český politik a lékař če... Bohuslav Svoboda 0
2. O víkendu se v Rusku konaly pr... Poledne proti Putinovi 1
3. Jak se nazývá soutěžní reality... Peče celá země 1
4. Automobilka Škoda představila... Epiq 0
5. Minulý týden se stala jedna ne... Jaromír Jágr 1
6. Téma začneme v Evropě. Seřaďte... 1D 2C 3A 4B 0
7. V čele kterého ostrovního stát... Kuba 0
8. Které z těchto zvířat nežije p... C 1
9. Celkově kolikátou nejlidnatějš... 4. nejlidnatější 0
10. Jak se jmenuje ostrovní stát,... Tonga 0